00774nam a2200253 a 4500001001300000003000900013005001700022008004100039020001000080082001800090100002500108245007000133260004800203300000900251500003500260505001000295650003600305650002500341700002500366902000800391942000700399952009900406999001500505nice12345678IN_TiNIC20260116012831.0050524s1990 newa grp 000 0 eng  ac12000a306.0954bCHA aChakladap, H Chandra aSocial Life in Ancient Indiab Studies in Vatsyayana`s Kama Sutra aNew DelhibAsian Educational Servicesc1990 a212p aincludes index and biblioraphy2 aIndex aIndia-Ancient Social Conditions aKama Sutra-Criticism1 aChakladap, H Chandra bSRS cBK 00104070aHMIbHMId2007-04-04g120.00l0o306.0954 CHAp013748r2007-04-04w2026-01-16yEB c8570d8570